Military technology and warfare in the sultanate of Delhi (1206-1398 A.D.) (Record no. 68861)

MARC details
000 -LEADER
fixed length control field 00875nam a22002057a 4500
005 - DATE AND TIME OF LATEST TRANSACTION
control field 20120803162318.0
010 ## - LCCN (DPL NO)
LC control number B-477200
020 ## - INTERNATIONAL STANDARD BOOK NUMBER
International Standard Book Number 9798188086435
Terms of availability 600.00
035 ## - SYSTEM CONTROL NUMBER
System control number B-477200
037 ## - SOURCE OF ACQUISITION
Stock number dpl
Source of stock number/acquisition K.K.Pub/Ven
082 ## - DEWEY DECIMAL CLASSIFICATION NUMBER
Classification number 954.021
100 ## - MAIN ENTRY--PERSONAL NAME
Personal name Ali Athar
245 ## - TITLE STATEMENT
Title Military technology and warfare in the sultanate of Delhi (1206-1398 A.D.)
Statement of responsibility, etc by Ali Athar
260 ## - PUBLICATION, DISTRIBUTION, ETC. (IMPRINT)
Place of publication, distribution, etc New Delhi
Name of publisher, distributor, etc Icon Publications Pvt. Ltd.
Date of publication, distribution, etc 2006
270 ## - ADDRESS
Address 4331/3 Ansari Road, Darya Ganj
City New Delhi
Postal code 110002
300 ## - PHYSICAL DESCRIPTION
Extent 146p.
Dimensions 23cm (Hb)
942 ## - ADDED ENTRY ELEMENTS (KOHA)
Source of classification or shelving scheme Dewey Decimal Classification
Item type English Books
Call number suffix ALI
Classification part 954.021
Holdings
Withdrawn status Lost status Not for loan Collection code Home library Current library Date acquired Source of acquisition Cost, normal purchase price Full call number Barcode Copy number Cost, replacement price Koha item type
      Non-fiction Central Library Central Library 22/08/2012 K.K.Pub/1907/30.3.2012/SP/45/30.03.2012/30.03.2012 600.00 954.021 ALI B-477200 1 600.00 English Books

© Delhi Public Library
Hit Counter
free hit counter